000 00430nam a2200181Ia 4500
005 20240823045109.0
008 240823s9999||||xx |||||||||||||| ||und||
041 _aENGLISH
082 _A621.366 N9
100 _aMasilamani V
245 0 _aLaser The Light Extraordinary
250 _a1st
260 _c1999
_bAnuradha Age
_aKumbakonam
500 _aYES
650 _aLaser
_bGeneral
700 _a Azzeer A M
942 _cBK
999 _c214164
_d214164